La medición de la inteligencia, la aptitud y el interes. /

Guardado en:
Autor Principal: Thurstone, L L
Formato: Libro
Publicado: Buenos Aires : Paidos, 1967
Materias:
Etiquetas: Agregar Etiqueta
Sin Etiquetas, Sea el primero en etiquetar este registro!
LEADER 00706nam a22002055a 4500
001 CEM.cems006248
005 20060214000000.0
008 130507s1967##################000#0#####d
003 CEMS
082 0 4 |a 151.22 
100 1 |a Thurstone, L L 
245 1 0 |a La medición de la inteligencia, la aptitud y el interes. / 
260 |a Buenos Aires :  |b Paidos,  |c 1967 
300 |a 190 p. 
505 0 |a Los prejuicios clasicos y la vuelta a los fenomenos;El cuerpo;El mundo percibido; el Ser para si y el Ser en el mundo. 
653 |a Inteligencia humana-medicion 
653 |a Inteligencia-tests 
653 |a Orientacion escolar 
653 |a Test mentales 
859 |a CEMS  |b BIB. CEMS - 11 de abril  |h 151.22  |i T427  |p 314.73  |t Ej.1